|
|
|
|
| LEADER |
00000nab a2200000 a 4500 |
| 001 |
vtls000456148 |
| 003 |
SK-MaSNL |
| 005 |
20260303183335.0 |
| 008 |
140422c1992 xo 0 slo |
| 015 |
|
|
|a SNBRB19rr/mm-uuuuu
|
| 035 |
|
|
|a CL0456279
|
| 040 |
|
|
|a SNKBUCL
|b slo
|c SNKBUCL
|e AACR2
|
| 041 |
0 |
|
|a slo
|
| 044 |
|
|
|a xo
|c SK
|
| 080 |
|
|
|a 342.4(437.6):342.511
|2 1981
|
| 080 |
|
|
|a 342.511
|2 1981
|
| 080 |
|
|
|a 329.3
|2 1981
|
| 080 |
|
|
|a 28(437.6)
|2 1981
|
| 100 |
1 |
|
|a Sobotková, Margita
|4 aut
|9 1212457
|
| 245 |
1 |
0 |
|a Zomierame na duchovnú nedostatočnosť
|c Margita Sobotková
|
| 610 |
2 |
7 |
|a Kresťanskodemokratické hnutie (politická strana)
|2 snkbucl
|9 34649
|
| 650 |
0 |
7 |
|a Ústava Slovenskej republiky
|2 snkbucl
|9 499021
|
| 655 |
|
7 |
|a články z novín a časopisov
|2 snkbucl
|9 267496
|
| 773 |
0 |
|
|t Literárny týždenník
|g Roč. 5, č. 15 (1992), s. 13
|
| 850 |
|
|
|a Slovenská národná knižnica v Martine
|a MTA001
|
| 852 |
|
|
|a SNK
|b KIS3GCP
|
| 958 |
|
|
|a RK
|
| 999 |
|
|
|c 2120521
|d 2122451
|